[Event "V4Liptov2018"]
[Site "?"]
[Date "2018.06.27"]
[Round "8.10"]
[White "Bochnicka, Vladimir"]
[Black "Sorokin, Artem"]
[Result "1/2-1/2"]
[BlackElo "1592"]
[WhiteElo "2016"]
[LiveChessVersion "1.4.8"]

1. e4 {[%clk 1:00:58]} c5 {[%clk 1:00:52]} 2. Nf3 {[%clk 1:01:24]} Nc6
{[%clk 1:01:17]} 3. c3 {[%clk 1:01:49]} Nf6 {[%clk 1:01:33]} 4. Bd3
{[%clk 1:01:22]} e5 {[%clk 0:54:14]} 5. Bc2 {[%clk 1:01:26]} d5 {[%clk 0:48:46]}
6. d3 {[%clk 0:50:22]} dxe4 {[%clk 0:42:57]} 7. dxe4 {[%clk 0:50:37]} Qxd1+
{[%clk 0:42:40]} 8. Kxd1 {[%clk 0:51:00]} Bg4 {[%clk 0:32:39]} 9. Ke2
{[%clk 0:50:19]} O-O-O {[%clk 0:31:53]} 10. Nbd2 {[%clk 0:48:45]} Bd6
{[%clk 0:30:15]} 11. h3 {[%clk 0:48:28]} Bh5 {[%clk 0:27:39]} 12. Nf1
{[%clk 0:45:02]} Bxf3+ {[%clk 0:22:06]} 13. Kxf3 {[%clk 0:44:08]} Ne8
{[%clk 0:17:51]} 14. Ng3 {[%clk 0:43:48]} g6 {[%clk 0:16:58]} 15. Be3
{[%clk 0:41:29]} h6 {[%clk 0:14:09]} 16. Rhd1 {[%clk 0:40:51]} Nc7
{[%clk 0:09:37]} 17. Bb3 {[%clk 0:36:04]} Na5 {[%clk 0:06:31]} 18. Bd5
{[%clk 0:34:59]} Nxd5 {[%clk 0:03:26]} 19. Rxd5 {[%clk 0:35:11]} b6
{[%clk 0:03:39]} 20. Rad1 {[%clk 0:34:54]} Kc7 {[%clk 0:02:15]} 21. b3
{[%clk 0:34:38]} Nc6 {[%clk 0:02:14]} 22. Ke2 {[%clk 0:33:33]} Ne7
{[%clk 0:02:27]} 23. R5d3 {[%clk 0:32:31]} f5 {[%clk 0:02:24]} 24. Bc1
{[%clk 0:32:18]} Kc6 {[%clk 0:01:42]} 25. f3 {[%clk 0:31:54]} f4 {[%clk 0:01:04]}
26. Nf1 {[%clk 0:32:09]} Bc7 {[%clk 0:01:21]} 27. Rxd8 {[%clk 0:29:18]} Rxd8
{[%clk 0:01:41]} 28. Rxd8 {[%clk 0:29:41]} Bxd8 {[%clk 0:02:07]} 29. g3
{[%clk 0:28:43]} g5 {[%clk 0:01:31]} 30. g4 {[%clk 0:28:00]} b5 {[%clk 0:00:53]}
31. Kd3 {[%clk 0:27:48]} Ng6 {[%clk 0:00:49]} 32. Nd2 {[%clk 0:27:22]} Nh4
{[%clk 0:00:42]} 33. Bb2 {[%clk 0:26:42]} Bc7 {[%clk 0:00:38]} 34. Ke2
{[%clk 0:23:04]} a6 {[%clk 0:00:38]} 35. a3 {[%clk 0:21:54]} Bb8 {[%clk 0:00:33]}
36. c4 {[%clk 0:19:55]} Bc7 {[%clk 0:00:36]} 37. Nb1 {[%clk 0:16:19]} b4
{[%clk 0:00:47]} 38. axb4 {[%clk 0:16:14]} cxb4 {[%clk 0:01:13]} 39. Nd2
{[%clk 0:16:32]} a5 {[%clk 0:00:46]} 40. Ba1 {[%clk 0:13:11]} Bd6
{[%clk 0:00:47]} 41. c5 {[%clk 0:09:47]} Bc7 {[%clk 0:00:49]} 42. Nc4
{[%clk 0:09:35]} Ng6 {[%clk 0:01:08]} 43. Bb2 {[%clk 0:09:02]} Kxc5
{[%clk 0:01:30]} 44. Kd3 {[%clk 0:09:18]} Kb5 {[%clk 0:01:36]} 45. Ba1
{[%clk 0:08:20]} a4 {[%clk 0:01:29]} 46. Kc2 {[%clk 0:08:05]} axb3+
{[%clk 0:00:50]} 47. Kxb3 {[%clk 0:08:34]} Bb8 {[%clk 0:01:04]} 48. Bb2
{[%clk 0:08:51]} Bc7 {[%clk 0:00:44]} 49. Ba1 {[%clk 0:09:02]} 1/2-1/2

[Event "V4Liptov2018"]
[Site "?"]
[Date "2018.06.27"]
[Round "8.11"]
[White "Vorobieva, Varvara"]
[Black "Vozarova, Adriana"]
[Result "0-1"]
[BlackElo "1773"]
[WhiteElo "1604"]
[LiveChessVersion "1.4.8"]

1. e4 {[%clk 1:00:58]} c5 {[%clk 1:00:50]} 2. d4 {[%clk 1:01:24]} cxd4
{[%clk 1:00:49]} 3. c3 {[%clk 1:01:51]} d3 {[%clk 1:00:26]} 4. Bxd3
{[%clk 1:02:15]} Nc6 {[%clk 1:00:33]} 5. Nf3 {[%clk 1:02:39]} g6 {[%clk 1:00:43]}
6. c4 {[%clk 1:02:56]} Bg7 {[%clk 1:00:54]} 7. Nc3 {[%clk 1:02:27]} Nf6
{[%clk 1:00:54]} 8. O-O {[%clk 1:01:06]} O-O {[%clk 1:01:06]} 9. Bf4
{[%clk 0:55:04]} d6 {[%clk 0:58:07]} 10. Rc1 {[%clk 0:53:35]} Nd7
{[%clk 0:52:51]} 11. Bb1 {[%clk 0:50:50]} Nc5 {[%clk 0:50:11]} 12. h3
{[%clk 0:48:25]} a6 {[%clk 0:42:07]} 13. Qe2 {[%clk 0:47:16]} b5 {[%clk 0:30:48]}
14. cxb5 {[%clk 0:43:19]} axb5 {[%clk 0:29:50]} 15. b3 {[%clk 0:40:08]} b4
{[%clk 0:28:53]} 16. Nd5 {[%clk 0:37:02]} Ba6 {[%clk 0:28:04]} 17. Qd2
{[%clk 0:37:25]} Bxf1 {[%clk 0:27:38]} 18. Kxf1 {[%clk 0:37:44]} Qa5
{[%clk 0:23:44]} 19. Nxe7+ {[%clk 0:34:12]} Nxe7 {[%clk 0:23:15]} 20. Qxd6
{[%clk 0:34:35]} Qa6+ {[%clk 0:22:35]} 21. Kg1 {[%clk 0:34:26]} Nxb3
{[%clk 0:13:38]} 22. Qxa6 {[%clk 0:34:24]} Rxa6 {[%clk 0:13:50]} 23. axb3
{[%clk 0:34:41]} Rc8 {[%clk 0:13:12]} 24. Rxc8+ {[%clk 0:25:44]} Nxc8
{[%clk 0:13:34]} 25. Kh2 {[%clk 0:25:44]} Ra3 {[%clk 0:13:14]} 26. Bc2
{[%clk 0:26:11]} Ra2 {[%clk 0:12:35]} 27. Bd3 {[%clk 0:26:04]} Rxf2
{[%clk 0:12:36]} 28. Ba6 {[%clk 0:26:01]} Rc2 {[%clk 0:11:44]} 29. Ne1
{[%clk 0:24:40]} Rc3 {[%clk 0:11:18]} 30. Bd2 {[%clk 0:24:06]} Be5+
{[%clk 0:11:12]} 31. Kg1 {[%clk 0:23:19]} Rc6 {[%clk 0:07:13]} 32. Bxc8
{[%clk 0:22:47]} Rxc8 {[%clk 0:07:38]} 33. Bxb4 {[%clk 0:23:06]} Bc3
{[%clk 0:07:38]} 34. Bxc3 {[%clk 0:21:16]} Rxc3 {[%clk 0:08:03]} 35. Nf3
{[%clk 0:21:22]} Rxb3 {[%clk 0:08:07]} 36. Kf2 {[%clk 0:21:45]} Rb2+
{[%clk 0:07:33]} 37. Kg3 {[%clk 0:22:04]} Kg7 {[%clk 0:07:40]} 38. e5
{[%clk 0:21:53]} Re2 {[%clk 0:05:31]} 39. h4 {[%clk 0:20:33]} h6 {[%clk 0:04:39]}
40. Kh3 {[%clk 0:20:42]} Re3 {[%clk 0:04:18]} 41. Kg4 {[%clk 0:20:46]} f6
{[%clk 0:02:49]} 42. exf6+ {[%clk 0:21:08]} Kxf6 {[%clk 0:03:06]} 43. Kf4
{[%clk 0:20:41]} Ra3 {[%clk 0:03:00]} 44. g4 {[%clk 0:17:59]} Ra4+
{[%clk 0:02:48]} 45. Kg3 {[%clk 0:17:52]} Ke6 {[%clk 0:02:46]} 46. Kh3
{[%clk 0:14:42]} Kd5 {[%clk 0:02:46]} 47. Kg3 {[%clk 0:14:58]} Ke4
{[%clk 0:02:53]} 48. Nd2+ {[%clk 0:14:44]} Ke3 {[%clk 0:03:08]} 49. Nf1+
{[%clk 0:14:54]} Ke2 {[%clk 0:03:15]} 50. Nh2 {[%clk 0:15:14]} Ra3+
{[%clk 0:02:58]} 51. Kg2 {[%clk 0:14:33]} Rb3 {[%clk 0:02:21]} 52. Nf1
{[%clk 0:13:52]} Rd3 {[%clk 0:01:53]} 53. Nh2 {[%clk 0:13:32]} Rc3
{[%clk 0:00:59]} 54. Nf1 {[%clk 0:13:49]} Rc4 {[%clk 0:01:05]} 55. Nh2
{[%clk 0:13:57]} Rf4 {[%clk 0:01:21]} 56. Kg3 {[%clk 0:14:07]} Rf2
{[%clk 0:01:43]} 57. Kh3 {[%clk 0:13:50]} Rxh2+ {[%clk 0:01:54]} 58. Kxh2
{[%clk 0:14:12]} Kf3 {[%clk 0:02:12]} 59. Kh3 {[%clk 0:14:32]} Kf4
{[%clk 0:02:35]} 60. g5 {[%clk 0:13:26]} h5 {[%clk 0:02:59]} 0-1

[Event "V4Liptov2018"]
[Site "?"]
[Date "2018.06.27"]
[Round "8.12"]
[White "Valigursky, Michal"]
[Black "Usarova, Evita"]
[Result "1-0"]
[BlackElo "1589"]
[WhiteElo "1623"]
[LiveChessVersion "1.4.8"]

1. e4 {[%clk 1:00:59]} e5 {[%clk 1:00:55]} 2. f4 {[%clk 1:01:21]} d5
{[%clk 1:01:20]} 3. exd5 {[%clk 1:01:28]} c6 {[%clk 1:01:30]} 4. Nf3
{[%clk 0:59:30]} e4 {[%clk 0:56:03]} 5. Ne5 {[%clk 0:59:20]} cxd5
{[%clk 0:55:26]} 6. Bb5+ {[%clk 0:50:22]} Bd7 {[%clk 0:50:59]} 7. Qe2
{[%clk 0:48:10]} Nf6 {[%clk 0:40:26]} 8. Nc3 {[%clk 0:45:24]} Be7
{[%clk 0:24:41]} 9. O-O {[%clk 0:42:44]} O-O {[%clk 0:23:44]} 10. d4
{[%clk 0:39:01]} a6 {[%clk 0:20:45]} 11. Bxd7 {[%clk 0:35:22]} Nbxd7
{[%clk 0:21:06]} 12. Be3 {[%clk 0:33:57]} Nb6 {[%clk 0:18:41]} 13. g4
{[%clk 0:25:47]} Nfd7 {[%clk 0:15:51]} 14. g5 {[%clk 0:19:27]} f6
{[%clk 0:12:43]} 15. gxf6 {[%clk 0:18:02]} Bxf6 {[%clk 0:12:45]} 16. Kh1
{[%clk 0:17:47]} Qe7 {[%clk 0:11:49]} 17. Qg4 {[%clk 0:17:25]} Rad8
{[%clk 0:11:27]} 18. Rad1 {[%clk 0:10:49]} Rfe8 {[%clk 0:05:28]} 19. Rg1
{[%clk 0:09:25]} Nf8 {[%clk 0:01:35]} 20. f5 {[%clk 0:06:47]} Kh8
{[%clk 0:00:44]} 21. Qh5 {[%clk 0:05:26]} Bxe5 {[%clk 0:00:36]} 22. dxe5
{[%clk 0:05:36]} Nc4 {[%clk 0:00:38]} 23. f6 {[%clk 0:02:54]} gxf6
{[%clk 0:00:42]} 24. exf6 {[%clk 0:03:04]} Qxf6 {[%clk 0:00:49]} 25. Bd4
{[%clk 0:03:15]} Ne5 {[%clk 0:01:10]} 26. Rdf1 {[%clk 0:03:18]} Qe6
{[%clk 0:00:40]} 27. Rg5 {[%clk 0:01:08]} Nfg6 {[%clk 0:00:41]} 28. Rxg6
{[%clk 0:00:50]} Qxg6 {[%clk 0:00:48]} 29. Bxe5+ {[%clk 0:01:12]} Rxe5
{[%clk 0:00:44]} 30. Qxe5+ {[%clk 0:01:33]} Qg7 {[%clk 0:00:45]} 31. Qf6
{[%clk 0:00:53]} Qxf6 {[%clk 0:00:44]} 32. Rxf6 {[%clk 0:01:18]} Kg7
{[%clk 0:01:04]} 33. Rf5 {[%clk 0:01:21]} e3 {[%clk 0:01:16]} 34. Re5
{[%clk 0:00:46]} d4 {[%clk 0:01:32]} 35. Ne2 {[%clk 0:01:04]} Kf6
{[%clk 0:01:43]} 36. Re4 {[%clk 0:01:20]} Kf5 {[%clk 0:01:29]} 37. Rf4+
{[%clk 0:00:57]} Ke5 {[%clk 0:00:50]} 38. Kg2 {[%clk 0:01:18]} b5
{[%clk 0:00:35]} 39. Kf3 {[%clk 0:01:16]} h5 {[%clk 0:00:35]} 40. Re4+
{[%clk 0:01:34]} Kf5 {[%clk 0:00:41]} 41. Nxd4+ {[%clk 0:01:48]} Kg6
{[%clk 0:00:48]} 42. Kxe3 {[%clk 0:02:05]} 1-0

[Event "V4Liptov2018"]
[Site "?"]
[Date "2018.06.27"]
[Round "8.13"]
[White "Sankova, Stella"]
[Black "Galuszka, Tomasz"]
[Result "1/2-1/2"]
[BlackElo "1991"]
[WhiteElo "2102"]
[LiveChessVersion "1.4.8"]

1. e4 {[%clk 1:00:58]} c6 {[%clk 1:00:56]} 2. d4 {[%clk 1:01:26]} d5
{[%clk 1:01:16]} 3. exd5 {[%clk 1:01:53]} cxd5 {[%clk 1:01:40]} 4. Bd3
{[%clk 1:02:20]} Nc6 {[%clk 1:01:57]} 5. c3 {[%clk 1:02:47]} Nf6 {[%clk 1:02:21]}
6. Bf4 {[%clk 1:03:13]} Bg4 {[%clk 1:01:55]} 7. Qb3 {[%clk 1:03:39]} Na5
{[%clk 1:01:56]} 8. Qa4+ {[%clk 1:04:06]} Bd7 {[%clk 1:02:18]} 9. Qc2
{[%clk 1:04:33]} e6 {[%clk 1:01:18]} 10. Nd2 {[%clk 1:04:04]} Be7
{[%clk 1:01:23]} 11. Ngf3 {[%clk 1:04:25]} Rc8 {[%clk 1:00:41]} 12. O-O
{[%clk 1:03:30]} Qb6 {[%clk 1:00:11]} 13. a4 {[%clk 1:02:31]} Nc4
{[%clk 0:58:18]} 14. Ra2 {[%clk 0:58:53]} O-O {[%clk 0:53:45]} 15. Ne5
{[%clk 0:50:32]} Nxd2 {[%clk 0:51:41]} 16. Bxd2 {[%clk 0:50:48]} Bc6
{[%clk 0:50:26]} 17. Re1 {[%clk 0:47:08]} Qd8 {[%clk 0:47:46]} 18. Re3
{[%clk 0:40:30]} Re8 {[%clk 0:45:55]} 19. Rh3 {[%clk 0:35:15]} h6
{[%clk 0:43:32]} 20. g4 {[%clk 0:23:35]} Ne4 {[%clk 0:41:13]} 21. Bxe4
{[%clk 0:22:45]} dxe4 {[%clk 0:41:36]} 22. Nxc6 {[%clk 0:23:00]} Rxc6
{[%clk 0:41:18]} 23. Qxe4 {[%clk 0:23:16]} Qd5 {[%clk 0:41:12]} 24. Qxd5
{[%clk 0:23:32]} exd5 {[%clk 0:41:35]} 25. Re3 {[%clk 0:22:39]} Rg6
{[%clk 0:40:59]} 26. h3 {[%clk 0:22:39]} f5 {[%clk 0:40:59]} 27. Rg3
{[%clk 0:22:18]} Bd6 {[%clk 0:40:53]} 28. gxf5 {[%clk 0:17:05]} Rxg3+
{[%clk 0:39:24]} 29. fxg3 {[%clk 0:17:31]} Re2 {[%clk 0:36:34]} 30. Bf4
{[%clk 0:15:46]} Bxf4 {[%clk 0:36:50]} 31. gxf4 {[%clk 0:16:14]} Kf7
{[%clk 0:36:10]} 32. Ra1 {[%clk 0:15:45]} Kf6 {[%clk 0:35:47]} 33. b4
{[%clk 0:12:32]} Kxf5 {[%clk 0:35:39]} 34. c4 {[%clk 0:10:23]} dxc4
{[%clk 0:31:44]} 35. Rc1 {[%clk 0:10:51]} Kxf4 {[%clk 0:31:17]} 1/2-1/2

[Event "V4Liptov2018"]
[Site "?"]
[Date "2018.06.27"]
[Round "8.14"]
[White "Sulkowski, Dawid"]
[Black "Bielik, Jakub"]
[Result "0-1"]
[BlackElo "1975"]
[WhiteElo "1501"]
[LiveChessVersion "1.4.8"]

1. e4 {[%clk 1:00:57]} e6 {[%clk 1:00:56]} 2. b3 {[%clk 1:01:20]} d5
{[%clk 1:01:07]} 3. Bb2 {[%clk 1:01:43]} Nf6 {[%clk 1:00:21]} 4. e5
{[%clk 1:01:44]} Nfd7 {[%clk 1:00:46]} 5. f4 {[%clk 1:01:30]} c5 {[%clk 1:00:44]}
6. Qg4 {[%clk 1:01:13]} Nc6 {[%clk 0:59:30]} 7. Nf3 {[%clk 1:00:48]} a6
{[%clk 0:57:25]} 8. a4 {[%clk 1:00:10]} b6 {[%clk 0:54:58]} 9. Nc3
{[%clk 0:53:03]} Nb4 {[%clk 0:53:37]} 10. Rc1 {[%clk 0:47:31]} Qc7
{[%clk 0:53:30]} 11. Nd1 {[%clk 0:42:02]} Bb7 {[%clk 0:52:11]} 12. Be2
{[%clk 0:40:40]} g6 {[%clk 0:37:47]} 13. c3 {[%clk 0:38:35]} Nc6 {[%clk 0:38:03]}
14. Ne3 {[%clk 0:38:40]} Be7 {[%clk 0:35:05]} 15. O-O {[%clk 0:33:31]} h6
{[%clk 0:31:09]} 16. d4 {[%clk 0:30:37]} O-O-O {[%clk 0:29:36]} 17. Ba3
{[%clk 0:27:33]} Na5 {[%clk 0:15:41]} 18. b4 {[%clk 0:24:21]} c4 {[%clk 0:15:57]}
19. Ra1 {[%clk 0:19:26]} Nb3 {[%clk 0:14:54]} 20. Ra2 {[%clk 0:10:58]} Nb8
{[%clk 0:09:05]} 21. Bd1 {[%clk 0:09:59]} Qd7 {[%clk 0:08:35]} 22. a5
{[%clk 0:07:54]} bxa5 {[%clk 0:08:20]} 23. bxa5 {[%clk 0:08:16]} Qa4
{[%clk 0:06:24]} 24. Bxe7 {[%clk 0:04:12]} Qxa2 {[%clk 0:06:48]} 25. Bxd8
{[%clk 0:04:37]} Rxd8 {[%clk 0:07:09]} 26. Rf2 {[%clk 0:02:33]} Qxa5
{[%clk 0:07:30]} 27. Rc2 {[%clk 0:01:50]} Na1 {[%clk 0:06:37]} 28. Rc1
{[%clk 0:01:32]} Qa3 {[%clk 0:06:12]} 29. Rb1 {[%clk 0:01:24]} Qxc3
{[%clk 0:05:52]} 30. Nf1 {[%clk 0:01:29]} Nc6 {[%clk 0:04:43]} 31. N1d2
{[%clk 0:01:25]} Nxd4 {[%clk 0:04:17]} 32. Qg3 {[%clk 0:00:48]} Nxf3+
{[%clk 0:04:19]} 33. Bxf3 {[%clk 0:01:05]} Qxd2 {[%clk 0:04:34]} 0-1

[Event "V4Liptov2018"]
[Site "?"]
[Date "2018.06.27"]
[Round "8.15"]
[White "Zahorcek, Jakub"]
[Black "Adamczyk, Zuzanna"]
[Result "1-0"]
[BlackElo "1750"]
[WhiteElo "1579"]
[LiveChessVersion "1.4.8"]

1. d4 {[%clk 1:00:56]} Nf6 {[%clk 1:00:48]} 2. c4 {[%clk 1:01:08]} e6
{[%clk 1:00:55]} 3. Nc3 {[%clk 1:01:17]} Bb4 {[%clk 1:00:51]} 4. Bf4
{[%clk 0:59:38]} d5 {[%clk 0:56:28]} 5. e3 {[%clk 0:59:46]} O-O {[%clk 0:55:41]}
6. Nf3 {[%clk 0:59:38]} b6 {[%clk 0:54:15]} 7. Be2 {[%clk 0:58:22]} Bb7
{[%clk 0:51:34]} 8. O-O {[%clk 0:57:17]} Bxc3 {[%clk 0:46:22]} 9. bxc3
{[%clk 0:57:24]} Ne4 {[%clk 0:44:58]} 10. Qc2 {[%clk 0:52:24]} Nd7
{[%clk 0:42:44]} 11. cxd5 {[%clk 0:51:12]} exd5 {[%clk 0:42:12]} 12. c4
{[%clk 0:48:44]} c5 {[%clk 0:35:36]} 13. cxd5 {[%clk 0:45:21]} Bxd5
{[%clk 0:31:20]} 14. Bd3 {[%clk 0:39:19]} Ndf6 {[%clk 0:29:50]} 15. dxc5
{[%clk 0:38:43]} Nxc5 {[%clk 0:29:27]} 16. Be2 {[%clk 0:37:42]} Qe7
{[%clk 0:26:07]} 17. Rfd1 {[%clk 0:35:53]} Rac8 {[%clk 0:24:20]} 18. Rac1
{[%clk 0:29:35]} Qb7 {[%clk 0:20:28]} 19. Qf5 {[%clk 0:25:11]} Be6
{[%clk 0:18:16]} 20. Qe5 {[%clk 0:25:16]} Bxa2 {[%clk 0:16:44]} 21. Bh6
{[%clk 0:23:04]} Nce4 {[%clk 0:13:08]} 22. Rxc8 {[%clk 0:21:40]} Rxc8
{[%clk 0:11:51]} 23. Bf4 {[%clk 0:20:07]} Nc3 {[%clk 0:07:09]} 24. Qxc3
{[%clk 0:17:33]} Nd5 {[%clk 0:06:56]} 25. Qd2 {[%clk 0:14:10]} Bb3
{[%clk 0:05:52]} 26. Rc1 {[%clk 0:13:40]} Rd8 {[%clk 0:05:07]} 27. e4
{[%clk 0:13:13]} 1-0

[Event "V4Liptov2018"]
[Site "?"]
[Date "2018.06.27"]
[Round "8.16"]
[White "Zniszczol, Wiktoria"]
[Black "Kostelansky, Karol"]
[Result "0-1"]
[BlackElo "1607"]
[WhiteElo "1546"]
[LiveChessVersion "1.4.8"]

1. e4 {[%clk 1:00:54]} d5 {[%clk 0:59:39]} 2. exd5 {[%clk 1:01:06]} Nf6
{[%clk 0:59:36]} 3. d4 {[%clk 0:59:55]} Bg4 {[%clk 0:59:45]} 4. f3
{[%clk 0:53:48]} Bf5 {[%clk 0:59:49]} 5. c4 {[%clk 0:52:27]} e6 {[%clk 0:57:47]}
6. dxe6 {[%clk 0:51:11]} Nc6 {[%clk 0:56:02]} 7. exf7+ {[%clk 0:49:15]} Kxf7
{[%clk 0:56:18]} 8. Be3 {[%clk 0:49:02]} Nb4 {[%clk 0:55:14]} 9. Na3
{[%clk 0:47:54]} Bd6 {[%clk 0:54:39]} 10. Qb3 {[%clk 0:45:34]} c5
{[%clk 0:47:00]} 11. Rd1 {[%clk 0:37:56]} Qa5 {[%clk 0:46:20]} 12. Kf2
{[%clk 0:37:42]} Rae8 {[%clk 0:31:18]} 13. Ne2 {[%clk 0:31:40]} Rhf8
{[%clk 0:29:44]} 14. Nc1 {[%clk 0:28:34]} Kg8 {[%clk 0:29:28]} 15. h3
{[%clk 0:27:29]} Bg6 {[%clk 0:22:35]} 16. Kg1 {[%clk 0:18:34]} Nh5
{[%clk 0:19:24]} 17. Bf2 {[%clk 0:15:51]} cxd4 {[%clk 0:09:49]} 18. c5+
{[%clk 0:11:11]} Bf7 {[%clk 0:10:09]} 19. Nc4 {[%clk 0:11:33]} Qxc5
{[%clk 0:09:39]} 20. Bxd4 {[%clk 0:11:57]} Qc6 {[%clk 0:08:58]} 21. Qc3
{[%clk 0:03:56]} Nd5 {[%clk 0:06:19]} 22. Qc2 {[%clk 0:01:24]} Bg6
{[%clk 0:04:04]} 23. Qb3 {[%clk 0:01:24]} Bf7 {[%clk 0:03:41]} 24. Nxd6
{[%clk 0:01:15]} Qxd6 {[%clk 0:03:02]} 25. Qxb7 {[%clk 0:01:09]} Ng3
{[%clk 0:01:17]} 26. Rh2 {[%clk 0:01:23]} Nxf1 {[%clk 0:01:07]} 27. Rxf1
{[%clk 0:01:46]} Re7 {[%clk 0:01:01]} 28. Qb5 {[%clk 0:01:38]} Rb8
{[%clk 0:00:52]} 29. Qc5 {[%clk 0:01:26]} Qd7 {[%clk 0:00:31]} 30. g3
{[%clk 0:01:06]} Rb5 {[%clk 0:00:40]} 31. Qa3 {[%clk 0:00:43]} Qc7
{[%clk 0:00:36]} 32. Rg2 {[%clk 0:01:02]} Rb4 {[%clk 0:00:31]} 33. Bc3
{[%clk 0:00:42]} Rc4 {[%clk 0:00:54]} 34. Ne2 {[%clk 0:00:41]} Ne3
{[%clk 0:01:20]} 0-1

[Event "V4Liptov2018"]
[Site "?"]
[Date "2018.06.27"]
[Round "8.17"]
[White "Bango, Lukas"]
[Black "Chwistek, Karel"]
[Result "1-0"]
[BlackElo "2045"]
[WhiteElo "2130"]
[LiveChessVersion "1.4.8"]

1. d4 {[%clk 1:00:58]} Nf6 {[%clk 1:00:04]} 2. Nc3 {[%clk 1:01:18]} g6
{[%clk 1:00:26]} 3. e4 {[%clk 1:01:37]} d6 {[%clk 1:00:50]} 4. Nf3
{[%clk 1:01:45]} Bg7 {[%clk 1:01:16]} 5. Bc4 {[%clk 1:01:33]} O-O
{[%clk 1:01:32]} 6. O-O {[%clk 1:01:42]} Nbd7 {[%clk 1:01:21]} 7. Bf4
{[%clk 1:00:39]} c5 {[%clk 0:59:05]} 8. dxc5 {[%clk 0:59:08]} Nxc5
{[%clk 0:58:40]} 9. Re1 {[%clk 0:59:27]} Be6 {[%clk 0:57:18]} 10. Bxe6
{[%clk 0:58:50]} Nxe6 {[%clk 0:57:43]} 11. Bg3 {[%clk 0:57:38]} Rc8
{[%clk 0:57:12]} 12. Qe2 {[%clk 0:56:42]} Re8 {[%clk 0:51:12]} 13. Rad1
{[%clk 0:54:18]} Qa5 {[%clk 0:49:08]} 14. e5 {[%clk 0:53:53]} dxe5
{[%clk 0:48:56]} 15. Bxe5 {[%clk 0:52:19]} Red8 {[%clk 0:46:03]} 16. g3
{[%clk 0:49:49]} a6 {[%clk 0:39:54]} 17. a3 {[%clk 0:47:42]} Ng4 {[%clk 0:33:44]}
18. Bxg7 {[%clk 0:47:16]} Kxg7 {[%clk 0:34:09]} 19. Rxd8 {[%clk 0:43:50]} Rxd8
{[%clk 0:34:13]} 20. Qe4 {[%clk 0:44:06]} Qh5 {[%clk 0:27:16]} 21. Qxb7
{[%clk 0:37:11]} Rd2 {[%clk 0:25:41]} 22. Rxe6 {[%clk 0:33:09]} Rxf2
{[%clk 0:24:09]} 23. Re2 {[%clk 0:33:28]} Rxe2 {[%clk 0:21:24]} 24. Nxe2
{[%clk 0:33:55]} Qc5+ {[%clk 0:21:43]} 25. Ned4 {[%clk 0:33:40]} e5
{[%clk 0:19:34]} 26. b4 {[%clk 0:27:09]} Qc3 {[%clk 0:17:48]} 27. Ne6+
{[%clk 0:21:00]} Kh6 {[%clk 0:15:48]} 28. Qe4 {[%clk 0:21:07]} f5
{[%clk 0:15:50]} 29. Qe2 {[%clk 0:16:39]} Qxa3 {[%clk 0:16:01]} 30. h3
{[%clk 0:15:07]} Ne3 {[%clk 0:15:38]} 31. Nxe5 {[%clk 0:13:44]} 1-0

[Event "V4Liptov2018"]
[Site "?"]
[Date "2018.06.27"]
[Round "8.18"]
[White "Havel, Kristian"]
[Black "Slaba, Andrea"]
[Result "0-1"]
[BlackElo "1936"]
[WhiteElo "1522"]
[LiveChessVersion "1.4.8"]

1. d4 {[%clk 1:00:58]} Nf6 {[%clk 1:00:51]} 2. Bf4 {[%clk 1:01:19]} g6
{[%clk 1:01:12]} 3. Nc3 {[%clk 1:01:41]} Bg7 {[%clk 1:01:34]} 4. e4
{[%clk 1:02:00]} O-O {[%clk 1:00:53]} 5. Qd2 {[%clk 1:02:10]} d6 {[%clk 0:59:47]}
6. O-O-O {[%clk 1:02:27]} c6 {[%clk 0:59:49]} 7. Nf3 {[%clk 1:02:35]} b5
{[%clk 1:00:04]} 8. e5 {[%clk 0:57:48]} Ne8 {[%clk 0:58:05]} 9. Be2
{[%clk 0:55:25]} Nd7 {[%clk 0:55:37]} 10. Bh6 {[%clk 0:53:44]} f6
{[%clk 0:49:36]} 11. Bxg7 {[%clk 0:52:33]} Nxg7 {[%clk 0:49:40]} 12. Ne4
{[%clk 0:48:58]} d5 {[%clk 0:48:54]} 13. exf6 {[%clk 0:43:45]} exf6
{[%clk 0:48:24]} 14. Ng3 {[%clk 0:43:08]} Nb6 {[%clk 0:47:17]} 15. h4
{[%clk 0:40:50]} Bg4 {[%clk 0:45:51]} 16. b3 {[%clk 0:35:21]} a5 {[%clk 0:45:14]}
17. a3 {[%clk 0:31:55]} Qd6 {[%clk 0:44:35]} 18. Kb2 {[%clk 0:31:57]} a4
{[%clk 0:42:14]} 19. b4 {[%clk 0:32:16]} Ra7 {[%clk 0:37:01]} 20. Bd3
{[%clk 0:28:20]} Ne6 {[%clk 0:28:43]} 21. c3 {[%clk 0:24:37]} Nf4
{[%clk 0:28:00]} 22. Rh2 {[%clk 0:23:32]} Nc4+ {[%clk 0:24:43]} 23. Bxc4
{[%clk 0:23:14]} bxc4 {[%clk 0:25:06]} 24. Rg1 {[%clk 0:15:11]} Nxg2
{[%clk 0:22:55]} 25. Rgxg2 {[%clk 0:15:18]} Bxf3 {[%clk 0:23:19]} 26. Rg1
{[%clk 0:15:38]} Re8 {[%clk 0:17:42]} 27. h5 {[%clk 0:10:21]} g5 {[%clk 0:17:40]}
28. h6 {[%clk 0:09:54]} Kh8 {[%clk 0:17:09]} 29. Rh3 {[%clk 0:07:13]} Bg4
{[%clk 0:14:37]} 30. Rhh1 {[%clk 0:07:15]} Rae7 {[%clk 0:13:56]} 31. Re1
{[%clk 0:07:26]} Kg8 {[%clk 0:11:10]} 32. Rxe7 {[%clk 0:07:24]} Rxe7
{[%clk 0:10:40]} 33. Re1 {[%clk 0:07:43]} Rxe1 {[%clk 0:10:44]} 34. Qxe1
{[%clk 0:08:01]} Qe6 {[%clk 0:10:30]} 35. Qe3 {[%clk 0:07:47]} Qxe3
{[%clk 0:10:08]} 36. fxe3 {[%clk 0:08:15]} Kf7 {[%clk 0:09:56]} 37. e4
{[%clk 0:07:59]} Ke6 {[%clk 0:08:50]} 38. Kc2 {[%clk 0:07:55]} Bf3
{[%clk 0:08:45]} 39. exd5+ {[%clk 0:08:02]} cxd5 {[%clk 0:09:07]} 40. Kd2
{[%clk 0:07:57]} Bg4 {[%clk 0:07:35]} 41. Nh1 {[%clk 0:06:53]} Kf7
{[%clk 0:07:27]} 42. Ke3 {[%clk 0:06:57]} Bd7 {[%clk 0:07:26]} 43. Nf2
{[%clk 0:06:18]} Kg6 {[%clk 0:07:36]} 44. Kf3 {[%clk 0:06:19]} Kxh6
{[%clk 0:07:50]} 45. Ng4+ {[%clk 0:06:30]} Kg6 {[%clk 0:08:04]} 46. Ne3
{[%clk 0:06:17]} Bc6 {[%clk 0:07:49]} 47. b5 {[%clk 0:06:06]} Bxb5
{[%clk 0:07:22]} 48. Nxd5 {[%clk 0:06:03]} Bc6 {[%clk 0:07:45]} 49. Ke4
{[%clk 0:06:24]} Kf7 {[%clk 0:07:37]} 0-1